| 000 | 01520nac a22002651u 4500 | ||
|---|---|---|---|
| 008 | 091015t xxu||||| |||| 00| 0 eng d | ||
| 020 | _a0136035426 | ||
| 020 | _a9780136035428 | ||
| 082 | 0 | 0 |
_a005.2768 _bDEI _222 |
| 100 |
_aDeitel, Paul J. _98905 |
||
| 245 | 1 | 0 |
_aInternet & World Wide Web : _bHow to Program / _cP.J. Deitel, H.M. Deitel. |
| 246 | 3 | _aInternet and World Wide Web, how to program | |
| 250 |
_a4th ed. _bPearson International Edition |
||
| 260 |
_aUpper Saddle River, NJ : _bPearson Prentice Hall, _cc2009. |
||
| 300 |
_axxxi, 1365p.: _bcol. ill.; _c23 cm. |
||
| 500 | _aIncludes index. | ||
| 650 | 0 |
_aInternet programming. _98906 |
|
| 650 | 0 |
_aWorld Wide Web. _98907 |
|
| 700 | 1 |
_aDeitel, Harvey M., _d1945- _98908 |
|
| 942 |
_cBB _k005.2768DEI _2ddc |
||
| 999 |
_c12800 _d12800 |
||